Central Library OPAC University of Rajshahi

Peroxide reaction mechanisms : (Record no. 10645)

MARC details
000 -LEADER
fixed length control field 00941cam a22002651 4500
001 - CONTROL NUMBER
control field 10645
003 - CONTROL NUMBER IDENTIFIER
rucl marc code BD-RjUL
005 - DATE AND TIME OF LATEST TRANSACTION
control field 20211208235006.0
008 - FIXED-LENGTH DATA ELEMENTS--GENERAL INFORMATION
fixed length control field 140125s1962 nyua b 101 0 eng
035 ## - SYSTEM CONTROL NUMBER
System control number (BD-RjUL)10693
040 ## - CATALOGING SOURCE
Original cataloging agency DLC/ICU
Transcribing agency ICU
Modifying agency DLC
-- BD-RjUL
Language of cataloging eng
041 ## - LANGUAGE CODE
Language code of text/sound track or separate title eng
082 00 - DEWEY DECIMAL CLASSIFICATION NUMBER
Classification number 541.39
Author mark and year PEP 1962
111 2# - MAIN ENTRY--MEETING NAME
Meeting name or jurisdiction name as entry element Peroxide Reaction Mechanisms Conference
Date of meeting (1960 :
Location of meeting Brown University)
9 (RLIN) 32917
245 10 - TITLE STATEMENT
Title Peroxide reaction mechanisms :
Remainder of title [papers] /
Statement of responsibility, etc. Edited by John O. Edwards. Sponsored by the Office of Ordnance Research, U.S. Army.
260 ## - PUBLICATION, DISTRIBUTION, ETC. (IMPRINT)
Place of publication, distribution, etc. New York :
Name of publisher, distributor, etc. Interscience Publishers ,
Date of publication, distribution, etc. c1962
300 ## - PHYSICAL DESCRIPTION
Pagination ix, 245 p. :
Illustrations diagrs., tables. ,
Size 23 cm.
504 ## - BIBLIOGRAPHY, ETC. NOTE
Bibliography, etc Includes bibliographical references and index.
650 #0 - SUBJECT ADDED ENTRY--TOPICAL TERM
Topical term or geographic name as entry element Peroxides.
9 (RLIN) 32913
Topical term or geographic name as entry element Organic reaction mechanisms.
9 (RLIN) 32914
700 1# - ADDED ENTRY--PERSONAL NAME
Personal name Edwards, John O.,
Relator term ed.
942 ## - ADDED ENTRY ELEMENTS (KOHA)
Source of classification or shelving scheme Dewey Decimal Classification
Koha item type Books
Holdings
Lost status Source of classification or shelving scheme Damaged status Not for loan Collection code Permanent Location Current Location Shelving location Date acquired Source of acquisition Cost, normal purchase price Total Checkouts Full call number Date last seen Copy number Koha item type
  Dewey Decimal Classification     Non-fiction Central Library, University of Rajshahi Central Library, University of Rajshahi   02/12/1965 Zuit 64.00   541.39 PRP 1962 25/01/2014 C-2 Books
  Dewey Decimal Classification   Not For Loan Non-fiction Central Library, University of Rajshahi Central Library, University of Rajshahi Reading Room 21/05/1963 Mirza books agency 40.00   541.39 PEP 1962 26/01/2014 C-1 Books